000 00419nam a22001337a 4500
999 _c130194
_d130194
008 200129b ||||| |||| 00| 0 eng d
050 _aDA574.A2
_bP6 1959
100 _aPope-Hennessy, James
_949082
245 _aQueen Mary 1867-1953
_cJames Pope-Hennessy
260 _aLondon
_bGeorge Allen and UNwin Limited
300 _a670p. ;
_c24cm.
600 _aMary, Queen, comfort of George v
_949083
942 _2lcc
_cMONOGRAPH